[Event "Europa tch femenino 2005"]
[Site "Gotebörg SWE"]
[Date "2005.08.02"]
[Round "4.3"]
[White "Makka, Ioulia"]
[Black "Dworakowska, Joanna"]
[Result "0-1"]
[WhiteElo "2243"]
[BlackElo "2401"]
[PlyCount "106"]
[EventDate "2005.07.30"]
[EventType "team"]
[EventRounds "9"]
[EventCountry "SWE"]
[Source "lmi"]
[SourceDate "2005.08.07"]

1. d4 Nf6 2. g3 g6 3. Bg2 Bg7 4. e4 d6 5. Ne2 O-O 6. O-O e5 7. h3 Nbd7 8. Be3
a6 9. a4 exd4 10. Bxd4 Re8 11. Nbc3 Rb8 12. Ba7 Ra8 13. Bd4 Qe7 14. Nf4 c6 15.
Nd3 b6 16. Re1 Bb7 17. e5 dxe5 18. Nxe5 Nxe5 19. Rxe5 Qb4 20. Na2 Qxa4 21. Nc3
Qb4 22. Ra4 Qd6 23. Rxe8+ Rxe8 24. Be3 Qxd1+ 25. Nxd1 b5 26. Ra3 Nd5 27. Bd2
Bc8 28. Kf1 Rd8 29. Ba5 Rd6 30. Rd3 h5 31. Nc3 Bf5 32. Ne4 Re6 33. f3 Bxb2 34.
g4 hxg4 35. hxg4 Bxe4 36. fxe4 Nf4 37. Rd8+ Kg7 38. Bf3 Bf6 39. Rd7 g5 40. Ra7
c5 41. Rd7 Bd4 42. Bd8 Ng6 43. Rd5 Ne5 44. Be2 Kg6 45. Kg2 f6 46. Bc7 Nc6 47.
Kh3 c4 48. Bf3 Be5 49. Bd8 Re8 50. Bb6 Rh8+ 51. Kg2 Rh2+ 52. Kg1 Rxc2 53. Bd1
Rc1 0-1

[Event "Europa tch femenino 2005"]
[Site "Gotebörg SWE"]
[Date "2005.08.02"]
[Round "4.3"]
[White "Botsari, Anna-Maria"]
[Black "Socko, Monika"]
[Result "0-1"]
[WhiteElo "2297"]
[BlackElo "2465"]
[PlyCount "172"]
[EventDate "2005.07.30"]
[EventType "team"]
[EventRounds "9"]
[EventCountry "SWE"]
[Source "lmi"]
[SourceDate "2005.08.07"]

1. d4 d6 2. c4 e5 3. d5 g6 4. e4 Bg7 5. Nc3 Nd7 6. Be3 Ne7 7. Qd2 f5 8. f3 Nf6
9. Bd3 f4 10. Bf2 O-O 11. Nge2 c5 12. dxc6 bxc6 13. b4 Be6 14. Rc1 d5 15. cxd5
cxd5 16. exd5 Nexd5 17. Nxd5 Bxd5 18. Nc3 Kh8 19. Nxd5 Qxd5 20. Be4 Qxd2+ 21.
Kxd2 Nxe4+ 22. fxe4 Bh6 23. Ke2 f3+ 24. gxf3 Bxc1 25. Rxc1 Rfc8 26. Bc5 Kg7 27.
a4 Kf6 28. a5 a6 29. Rc2 Ke6 30. Ke3 Rc7 31. h4 Rd8 32. Ke2 Rdc8 33. Rd2 Rd7
34. Rc2 Rc6 35. Rb2 Rf7 36. Ke3 Rf4 37. Rh2 Rc7 38. Ke2 Rcf7 39. Rh3 Kd7 40.
Be3 R4f6 41. Rg3 Rc6 42. Bc5 Rf4 43. Rh3 h5 44. Be3 Rf7 45. Bc5 Re6 46. Rh1 Kc6
47. Rc1 Kb5 48. Rd1 Rf4 49. Rd5 Kc4 50. Bf2 Rf7 51. Be1 Rc7 52. Bg3 Kxb4 53.
Bxe5 Rb7 54. Kd3 Rb5 55. Bc3+ Kb3 56. Rd7 Rc6 57. Bd2 Kb2 58. f4 Rb3+ 59. Kd4
Kc2 60. Kd5 Rc8 61. Ke6 Rd3 62. Bb4 Rc4 63. Bd6 Rxe4+ 64. Be5 Rxd7 65. Kxd7 Rc4
66. Ke6 Kd3 67. Kd5 Rc1 68. Bd4 Rh1 69. Bf6 Ke3 70. Ke5 Rb1 71. Bd8 Rd1 72.
Bb6+ Kf3 73. f5 gxf5 74. Kxf5 Rd5+ 75. Ke6 Ke4 76. Bc7 Rd3 77. Bd6 Rf3 78. Be7
Rg3 79. Bg5 Rc3 80. Be7 Rc6+ 81. Bd6 Kd4 82. Kd7 Kd5 83. Bc7 Rg6 84. Bb6 Rg7+
85. Kc8 Kc6 86. Kd8 Rg4 0-1

[Event "Europa tch femenino 2005"]
[Site "Gotebörg SWE"]
[Date "2005.08.02"]
[Round "4.4"]
[White "Jelica, Mara"]
[Black "Velcheva, Maria"]
[Result "0-1"]
[WhiteElo "2191"]
[BlackElo "2274"]
[PlyCount "140"]
[EventDate "2005.07.30"]
[EventType "team"]
[EventRounds "9"]
[EventCountry "SWE"]
[Source "lmi"]
[SourceDate "2005.08.07"]

1. e4 c5 2. Nc3 Nc6 3. f4 g6 4. Nf3 Bg7 5. Bb5 Nd4 6. Bd3 d6 7. Nxd4 cxd4 8.
Ne2 Nf6 9. O-O O-O 10. Qe1 e5 11. c3 Re8 12. Kh1 dxc3 13. dxc3 exf4 14. Qh4 d5
15. e5 Ng4 16. Qxd8 Rxd8 17. Bxf4 Nxe5 18. Bc2 Bg4 19. Nd4 Nc6 20. Bg5 Nxd4 21.
cxd4 Rdc8 22. Bb3 Be6 23. Bf6 Bxf6 24. Rxf6 a5 25. Rf2 a4 26. Bd1 Rc4 27. Rd2
Rac8 28. Kg1 Kf8 29. Kf2 Ke7 30. Ke3 Kd6 31. a3 Bd7 32. Bf3 Re8+ 33. Kf2 b5 34.
Be2 Rc7 35. Bd3 Rb8 36. Ke3 b4 37. axb4 Rxb4 38. Rf1 f5 39. Rff2 Rc8 40. Be2
Re8+ 41. Kd3 Reb8 42. Bd1 Bb5+ 43. Kc3 Rc4+ 44. Kd3 Re8 45. Rc2 Rb4+ 46. Kc3
Rb3+ 47. Kd2 Rd3+ 48. Kc1 Rxd4 49. Rfd2 Rxd2 50. Kxd2 Bc4 51. Rc3 Kc5 52. g4
fxg4 53. Bxg4 Rf8 54. Rh3 h5 55. Bd1 Rf2+ 56. Kc1 Kb4 57. Rg3 Rxh2 58. Rxg6 h4
59. Rh6 Bb3 60. Bf3 d4 61. Be4 Bc4 62. Rb6+ Kc5 63. Rc6+ Kb5 64. Rd6 Re2 65.
Bf5 Rf2 66. Bd7+ Kc5 67. Rh6 Bb3 68. Rxh4 d3 69. Rh5+ Kd6 70. Bg4 d2+ 0-1

[Event "Europa tch femenino 2005"]
[Site "Gotebörg SWE"]
[Date "2005.08.02"]
[Round "4.4"]
[White "Sargac, Rajna"]
[Black "Voiska, Margarita"]
[Result "0-1"]
[WhiteElo "2242"]
[BlackElo "2328"]
[PlyCount "168"]
[EventDate "2005.07.30"]
[EventType "team"]
[EventRounds "9"]
[EventCountry "SWE"]
[Source "lmi"]
[SourceDate "2005.08.07"]

1. d4 d5 2. c4 c6 3. Nf3 Nf6 4. Nc3 a6 5. a4 e6 6. g3 Bb4 7. Bg2 Nbd7 8. O-O
O-O 9. Qc2 a5 10. Bf4 h6 11. Rad1 dxc4 12. Na2 Be7 13. Qxc4 Nd5 14. Bc1 Nb4 15.
Nxb4 axb4 16. b3 Qa5 17. Bb2 Bf6 18. Nd2 e5 19. Ne4 Be7 20. e3 Nb6 21. Qe2 f5
22. Nc5 e4 23. f3 Nd5 24. Qc4 Kh8 25. Rde1 Bg5 26. Bc1 exf3 27. Bxf3 Qd8 28.
Nd3 Be6 29. Ne5 Qe8 30. Qd3 Nc3 31. Nc4 Bd5 32. Bxd5 cxd5 33. Ne5 Ne4 34. Bd2
Be7 35. Rc1 Bd6 36. Nf3 Qd7 37. Nh4 Kh7 38. Qe2 g5 39. Nf3 Rae8 40. Be1 Nf6 41.
Ne5 Bxe5 42. dxe5 Rxe5 43. Bxb4 Rfe8 44. Qb2 Ng4 45. Ba5 R5e7 46. Bb6 Nxe3 47.
Rc7 Qe6 48. Rxe7+ Rxe7 49. Bxe3 Qxe3+ 50. Qf2 Kg6 51. Qxe3 Rxe3 52. Rd1 Rxb3
53. Rxd5 Rb1+ 54. Kg2 Rb2+ 55. Kf3 Rxh2 56. Rd6+ Kh5 57. Rb6 Ra2 58. Rb4 Ra3+
59. Kf2 g4 60. Kg2 Kg5 61. Rxb7 Rxa4 62. Rg7+ Kf6 63. Rg8 Ra2+ 64. Kg1 Ke5 65.
Re8+ Kd4 66. Re6 h5 67. Kf1 h4 68. gxh4 Rh2 69. h5 Rxh5 70. Kg2 Rh3 71. Re8 Ra3
72. Kf2 Rf3+ 73. Ke2 Rf4 74. Rd8+ Ke5 75. Rf8 Rf3 76. Rf7 Kf4 77. Rf8 Ra3 78.
Kf2 g3+ 79. Kg2 Ra2+ 80. Kh1 Kg4 81. Kg1 f4 82. Kf1 Ra1+ 83. Ke2 f3+ 84. Ke3
Re1+ 0-1

[Event "Europa tch femenino 2005"]
[Site "Gotebörg SWE"]
[Date "2005.08.02"]
[Round "4.4"]
[White "Djingarova, Emilia"]
[Black "Macek, Vlasta"]
[Result "1-0"]
[WhiteElo "2277"]
[BlackElo "2211"]
[PlyCount "73"]
[EventDate "2005.07.30"]
[EventType "team"]
[EventRounds "9"]
[EventCountry "SWE"]
[Source "lmi"]
[SourceDate "2005.08.07"]

1. e4 e6 2. d4 d5 3. Nd2 Nf6 4. e5 Nfd7 5. Bd3 c5 6. c3 Nc6 7. Ngf3 cxd4 8.
cxd4 a5 9. O-O Nb6 10. Nb1 h6 11. Nc3 Bd7 12. h4 a4 13. h5 Nb4 14. Bb1 Bc6 15.
a3 Na6 16. Bc2 Qd7 17. Nh2 O-O-O 18. Ng4 Nc7 19. Bd3 Kb8 20. b3 Nb5 21. Ne2 Na7
22. Ne3 Rc8 23. Bd2 Be7 24. Qb1 Na8 25. bxa4 Bxa4 26. Nc3 Bc6 27. a4 Nc7 28.
Qb2 Bd8 29. Rfb1 Ka8 30. Nb5 Ne8 31. Nxa7 Kxa7 32. Bb4 Ka8 33. Qd2 Rb8 34. a5
Be7 35. Bxe7 Qxe7 36. Rb6 Ka7 37. a6 1-0

[Event "Europa tch femenino 2005"]
[Site "Gotebörg SWE"]
[Date "2005.08.02"]
[Round "4.5"]
[White "Schuurman, Petra"]
[Black "Pavlovskaia, Evgenia"]
[Result "1-0"]
[WhiteElo "2266"]
[BlackElo "2174"]
[PlyCount "135"]
[EventDate "2005.07.30"]
[EventType "team"]
[EventRounds "9"]
[EventCountry "SWE"]
[Source "lmi"]
[SourceDate "2005.08.07"]

1. d4 d5 2. c4 e6 3. Nc3 Nf6 4. cxd5 exd5 5. Bg5 Be7 6. e3 O-O 7. Bd3 Nbd7 8.
Nge2 Re8 9. h3 c6 10. Qc2 Nf8 11. g4 b5 12. O-O-O a5 13. Kb1 a4 14. Ng3 Qa5 15.
Nce2 Bd7 16. Nf5 Bxf5 17. Bxf5 Ra6 18. Bd3 Rb6 19. Ng3 N8d7 20. Bxf6 Nxf6 21.
g5 Ne4 22. Bxe4 dxe4 23. Qxe4 a3 24. Nf5 Qb4 25. b3 Qc3 26. Nxe7+ Kf8 27. Qc2
Qxc2+ 28. Kxc2 Kxe7 29. b4 Kd6 30. Rd3 Ra6 31. Rc3 Re4 32. f4 Ra8 33. Kd3 Rae8
34. Kd2 Ra8 35. Rhc1 Ra6 36. Kd3 Re8 37. e4 g6 38. Rc5 Kd7 39. d5 cxd5 40.
Rxd5+ Rd6 41. Rxd6+ Kxd6 42. Rc5 Rb8 43. Kd4 Ke6 44. Rc6+ Kd7 45. Kc5 Re8 46.
e5 Rb8 47. Kd5 Rb7 48. h4 Rb8 49. h5 Rb7 50. h6 Rb8 51. Ra6 Rc8 52. Rxa3 Rc4
53. Ra7+ Ke8 54. e6 fxe6+ 55. Ke5 Rxb4 56. Rxh7 Kf8 57. Rb7 Kg8 58. Rg7+ Kh8
59. Rxg6 Ra4 60. Rxe6 Rxa2 61. Kf6 Ra8 62. Rb6 Rf8+ 63. Kg6 Rg8+ 64. Kh5 Rf8
65. Kg4 Kh7 66. Rb7+ Kh8 67. g6 Rc8 68. f5 1-0

[Event "Europa tch femenino 2005"]
[Site "Gotebörg SWE"]
[Date "2005.08.02"]
[Round "4.5"]
[White "Andersson, Christin"]
[Black "Muhren, Bianca"]
[Result "1-0"]
[WhiteElo "2168"]
[BlackElo "2269"]
[PlyCount "165"]
[EventDate "2005.07.30"]
[EventType "team"]
[EventRounds "9"]
[EventCountry "SWE"]
[Source "lmi"]
[SourceDate "2005.08.07"]

1. e4 c5 2. Nf3 d6 3. d4 cxd4 4. Nxd4 Nf6 5. Nc3 e6 6. Bg5 h6 7. Bh4 Be7 8. Qd3
Nbd7 9. O-O-O a6 10. Bg3 Qc7 11. Nb3 e5 12. f4 b5 13. Be2 O-O 14. Rhf1 Bb7 15.
Bf3 Rac8 16. Kb1 Rfe8 17. Nd5 Bxd5 18. exd5 Bf8 19. fxe5 Nxe5 20. Bxe5 Rxe5 21.
Nd4 g6 22. Nc6 Ree8 23. g4 Bg7 24. h4 Nd7 25. h5 Nc5 26. Qd2 Qd7 27. g5 hxg5
28. Qxg5 Qf5 29. Qxf5 gxf5 30. Bg2 Na4 31. Rxf5 Nxb2 32. Rdf1 Nc4 33. Rg1 Kf8
34. Bh3 Re2 35. Rfg5 Na3+ 36. Kc1 Rxc6 37. dxc6 Rxc2+ 38. Kd1 Bh6 39. Rg8+ Ke7
40. R8g2 Rxc6 41. Ke2 Rc3 42. Bg4 Nc4 43. Re1 Ne5 44. Kf1 Rc4 45. Be2 Rf4+ 46.
Rf2 Rh4 47. Bf3 Kf8 48. Re4 Nxf3 49. Rxh4 Nxh4 50. Rf6 Kg7 51. Rxd6 Nf5 52.
Rxa6 Ne3+ 53. Ke2 Nd5 54. Kf3 b4 55. Ra5 Nf6 56. Rb5 Bd2 57. Ke2 Bc3 58. Kd3
Be1 59. Re5 Bc3 60. Rf5 Be1 61. Rf1 Bg3 62. h6+ Kg6 63. h7 Kxh7 64. Rxf6 Kg7
65. Rb6 Be1 66. Ke4 Bd2 67. Kf5 Bc3 68. Rc6 Bd2 69. Ke4 Be1 70. Kd3 Kf8 71. Rc4
Kg7 72. Re4 Bc3 73. a3 f5 74. Re6 Kf7 75. Rb6 Bf6 76. Rxb4 Ke6 77. Rb6+ Ke5 78.
a4 Bh4 79. Rc6 Bf2 80. a5 Kd5 81. Rc7 Kd6 82. Rf7 Ke6 83. Rh7 1-0

[Event "Europa tch femenino 2005"]
[Site "Gotebörg SWE"]
[Date "2005.08.02"]
[Round "4.6"]
[White "Zhukova, Natalia"]
[Black "Danielian, Elina"]
[Result "1-0"]
[WhiteElo "2478"]
[BlackElo "2433"]
[PlyCount "107"]
[EventDate "2005.07.30"]
[EventType "team"]
[EventRounds "9"]
[EventCountry "SWE"]
[Source "lmi"]
[SourceDate "2005.08.07"]

1. e4 e6 2. d4 d5 3. Nc3 Nf6 4. e5 Nfd7 5. f4 c5 6. Nf3 Nc6 7. Ne2 Qb6 8. c3
Be7 9. a3 a5 10. g3 cxd4 11. cxd4 f6 12. Bh3 O-O 13. Bxe6+ Kh8 14. Bxd5 fxe5
15. fxe5 Ndxe5 16. dxe5 Bg4 17. Bf4 Rad8 18. Qd3 Bb4+ 19. Nd2 Bxd2+ 20. Qxd2
Bxe2 21. Qxe2 Rxd5 22. Rf1 Re8 23. Rd1 Rxd1+ 24. Kxd1 h6 25. Kc1 Nd4 26. Qc4
Re6 27. Kb1 Nb5 28. Qb3 a4 29. Qb4 Re8 30. Rc1 Qa6 31. Ka1 Na7 32. Rc7 Nc6 33.
Qc3 Qf1+ 34. Ka2 Qb5 35. e6 Qd5+ 36. Ka1 Qd1+ 37. Ka2 Qd5+ 38. Kb1 Qe4+ 39. Ka1
Re7 40. Rxe7 Nxe7 41. Qe5 Qd3 42. Qe1 Qd5 43. Bd2 Nc6 44. Bc3 Kg8 45. g4 Qf3
46. h3 Qd5 47. h4 Qf3 48. g5 hxg5 49. hxg5 Qg4 50. Bb4 Nxb4 51. axb4 a3 52. e7
axb2+ 53. Kb1 Qf5+ 54. Kxb2 1-0

[Event "Europa tch femenino 2005"]
[Site "Gotebörg SWE"]
[Date "2005.08.02"]
[Round "4.6"]
[White "Gaponenko, Inna"]
[Black "Andriasian, Siranush"]
[Result "1-0"]
[WhiteElo "2439"]
[BlackElo "2280"]
[PlyCount "161"]
[EventDate "2005.07.30"]
[EventType "team"]
[EventRounds "9"]
[EventCountry "SWE"]
[Source "lmi"]
[SourceDate "2005.08.07"]

1. e4 c5 2. Nf3 e6 3. c3 Nf6 4. e5 Nd5 5. Bc4 Nb6 6. Bb3 d6 7. exd6 Bxd6 8. d4
Nc6 9. dxc5 Bxc5 10. Qxd8+ Nxd8 11. Nbd2 O-O 12. Ne4 Be7 13. Bf4 Nc6 14. O-O-O
Na5 15. Bc2 Nd5 16. Bd6 Bxd6 17. Nxd6 Rd8 18. Nxc8 Raxc8 19. Rhe1 g6 20. Re4
Kg7 21. Red4 Nc6 22. R4d2 Nf4 23. g3 Rxd2 24. Rxd2 Nd5 25. Be4 Nf6 26. Bb1 Nd5
27. Be4 Nf6 28. Bc2 Nd5 29. Kb1 Na5 30. Bd1 Nc4 31. Rd4 Na5 32. Be2 Nc6 33. Rd2
a6 34. Bd3 Nf6 35. Bc2 Nd5 36. Nd4 Ne5 37. Be4 Nc4 38. Rd1 Ncb6 39. Kc2 Kf6 40.
Bg2 Ke7 41. Ne2 Nb4+ 42. Kb1 Nc6 43. b3 Rc7 44. h3 Rd7 45. Rxd7+ Nxd7 46. a4
Kd6 47. Kc2 b6 48. Nc1 f5 49. b4 Nde5 50. Kb3 g5 51. f4 gxf4 52. gxf4 Ng6 53.
Nd3 Nce7 54. c4 e5 55. fxe5+ Nxe5 56. c5+ bxc5 57. bxc5+ Ke6 58. Nxe5 Kxe5 59.
Kc4 f4 60. a5 Nf5 61. Bb7 Ne3+ 62. Kd3 Nd5 63. Ke2 Nc7 64. Kf3 h5 65. h4 Kf5
66. Bc8+ Ke5 67. c6 Nb5 68. Kf2 Nc7 69. Kf3 Nb5 70. Kf2 Nc7 71. Bh3 Kd6 72. Kf3
Ke5 73. Bf1 Ne6 74. Kf2 Nc7 75. Be2 Kd6 76. Bxh5 Kxc6 77. Kf3 Nd5 78. Bf7 Ne3
79. h5 Nf5 80. Kxf4 Nh6 81. Ba2 1-0

[Event "Europa tch femenino 2005"]
[Site "Gotebörg SWE"]
[Date "2005.08.02"]
[Round "4.8"]
[White "Paehtz, Elisabeth"]
[Black "Maric, Alisa"]
[Result "1/2-1/2"]
[WhiteElo "2421"]
[BlackElo "2415"]
[PlyCount "45"]
[EventDate "2005.07.30"]
[EventType "team"]
[EventRounds "9"]
[EventCountry "SWE"]
[Source "lmi"]
[SourceDate "2005.08.07"]

1. e4 e6 2. d4 d5 3. Nc3 Nf6 4. e5 Nfd7 5. f4 c5 6. Nf3 Nc6 7. Ne2 b5 8. c3 b4
9. cxb4 Nxb4 10. Nc3 cxd4 11. Nxd4 Bc5 12. Be3 O-O 13. Bb5 Ba6 14. Bxa6 Nxa6
15. O-O Nb6 16. b3 Rc8 17. Nce2 Nd7 18. Kh1 Qe7 19. Ng1 Nb4 20. Ngf3 Nc6 21.
Nxc6 Rxc6 22. Nd4 Rcc8 23. Qe2 1/2-1/2

[Event "Europa tch femenino 2005"]
[Site "Gotebörg SWE"]
[Date "2005.08.02"]
[Round "4.8"]
[White "Nill, Jessica"]
[Black "Prudnikova, Svetlana"]
[Result "1/2-1/2"]
[WhiteElo "2323"]
[BlackElo "2370"]
[PlyCount "48"]
[EventDate "2005.07.30"]
[EventType "team"]
[EventRounds "9"]
[EventCountry "SWE"]
[Source "lmi"]
[SourceDate "2005.08.07"]

1. d4 e6 2. c4 f5 3. Nc3 Nf6 4. e3 b6 5. Bd3 Bb7 6. f3 c5 7. Nge2 Nc6 8. O-O
Bd6 9. d5 Ne5 10. Nf4 Nxd3 11. Nxd3 exd5 12. cxd5 O-O 13. e4 Qb8 14. h3 fxe4
15. fxe4 Ba6 16. Rf5 Bxd3 17. Qxd3 Be5 18. Bd2 Qe8 19. Raf1 d6 20. Nb5 Qe7 21.
Bc3 Bxc3 22. Nxc3 Nd7 23. Rxf8+ Nxf8 24. Rf5 Nd7 1/2-1/2

[Event "Europa tch femenino 2005"]
[Site "Gotebörg SWE"]
[Date "2005.08.02"]
[Round "4.8"]
[White "Bojkovic, Natasa"]
[Black "Kachiani-Gersinska, Ketino"]
[Result "1/2-1/2"]
[WhiteElo "2386"]
[BlackElo "2416"]
[PlyCount "26"]
[EventDate "2005.07.30"]
[EventType "team"]
[EventRounds "9"]
[EventCountry "SWE"]
[Source "lmi"]
[SourceDate "2005.08.07"]

1. e4 c6 2. d4 d5 3. exd5 cxd5 4. c4 Nf6 5. Nc3 g6 6. cxd5 Nxd5 7. Qb3 Nb6 8.
Bb5+ Bd7 9. a4 Nc6 10. Nf3 a6 11. Bxc6 Bxc6 12. Ne5 e6 13. O-O Bg7 1/2-1/2

[Event "Europa tch femenino 2005"]
[Site "Gotebörg SWE"]
[Date "2005.08.02"]
[Round "4.9"]
[White "Borsuk, Angela"]
[Black "Srebrnic, Ana"]
[Result "1-0"]
[WhiteElo "2342"]
[BlackElo "2289"]
[PlyCount "63"]
[EventDate "2005.07.30"]
[EventType "team"]
[EventRounds "9"]
[EventCountry "SWE"]
[Source "lmi"]
[SourceDate "2005.08.07"]

1. d4 Nf6 2. c4 g6 3. Nc3 Bg7 4. e4 d6 5. f4 O-O 6. Nf3 c5 7. d5 e6 8. Be2 exd5
9. cxd5 Bg4 10. O-O Re8 11. Qc2 a6 12. a4 b6 13. Re1 Ra7 14. Bd2 Rae7 15. e5
dxe5 16. d6 Ra7 17. fxe5 Nfd7 18. Bg5 f6 19. Bc4+ Kh8 20. exf6 Bxf6 21. Bxf6+
Nxf6 22. Ne5 Rxe5 23. Rxe5 Qxd6 24. Rae1 Nc6 25. R5e3 Nd4 26. Qf2 Bf5 27. Qh4
Kg7 28. Nd5 Ng8 29. Re8 b5 30. Rd8 Qxd8 31. Qxd8 bxc4 32. Re8 1-0

[Event "Europa tch femenino 2005"]
[Site "Gotebörg SWE"]
[Date "2005.08.02"]
[Round "4.9"]
[White "Tsifanskaya, Ludmila A"]
[Black "Rozic, Vesna"]
[Result "0-1"]
[WhiteElo "2190"]
[BlackElo "2192"]
[PlyCount "96"]
[EventDate "2005.07.30"]
[EventType "team"]
[EventRounds "9"]
[EventCountry "SWE"]
[Source "lmi"]
[SourceDate "2005.08.07"]

1. e4 e6 2. d3 d5 3. Qe2 dxe4 4. dxe4 e5 5. Nf3 Nd7 6. g3 Ngf6 7. Bg2 Bc5 8.
O-O O-O 9. h3 Re8 10. c3 a5 11. Nh4 Nf8 12. Rd1 Qe7 13. Nd2 b6 14. Nf1 Ba6 15.
Qf3 Ne6 16. Nf5 Qf8 17. h4 Bb7 18. Re1 Be7 19. h5 h6 20. Nh2 Nc5 21. Ng4 Nxg4
22. Qxg4 Kh8 23. Rd1 Rad8 24. Be3 Ne6 25. Nxe7 Qxe7 26. Qf5 Nf8 27. Bf1 Nh7 28.
Bb5 Rf8 29. Ba4 Nf6 30. Bc2 Rxd1+ 31. Rxd1 Bc8 32. Qf3 Bg4 33. Qg2 Bxd1 34.
Bxd1 Rd8 35. Be2 Qe6 36. g4 Nh7 37. Qf3 Ng5 38. Qf5 Qxf5 39. exf5 Nh3+ 40. Kg2
Nf4+ 41. Bxf4 exf4 42. Kf3 Rd2 43. Bc4 Kg8 44. Kxf4 Rxf2+ 45. Ke5 Rxb2 46. Bd5
Kf8 47. a4 Ke7 48. Bc6 f6+ 0-1

[Event "Europa tch femenino 2005"]
[Site "Gotebörg SWE"]
[Date "2005.08.02"]
[Round "4.10"]
[White "Jackova, Jana"]
[Black "Horn, Emilia"]
[Result "1-0"]
[WhiteElo "2386"]
[BlackElo "2041"]
[PlyCount "103"]
[EventDate "2005.07.30"]
[EventType "team"]
[EventRounds "9"]
[EventCountry "SWE"]
[Source "lmi"]
[SourceDate "2005.08.07"]

1. e4 e5 2. Nf3 Nc6 3. d4 exd4 4. Bc4 Bc5 5. c3 Nf6 6. e5 d5 7. Bb5 Ne4 8. cxd4
Bb6 9. Be3 O-O 10. Nc3 f5 11. exf6 Nxf6 12. h3 Bf5 13. Bxc6 bxc6 14. O-O Qd6
15. Rc1 Rae8 16. Ne5 Nd7 17. Nxd7 Bxd7 18. Ne2 Re4 19. Rc3 Rfe8 20. Qd2 Qg6 21.
Kh2 Rh4 22. Qd1 Ree4 23. Ng1 Bxd4 24. Bxd4 Rxd4 25. Qb3 Rb4 26. Qa3 Qd6+ 27.
Rg3 c5 28. Qxa7 c6 29. Qa5 Bf5 30. b3 c4 31. Nf3 Rh6 32. Re1 Re6 33. Rxe6 Bxe6
34. Nd4 Bc8 35. Nxc6 Rb7 36. Nd4 cxb3 37. axb3 h5 38. Kg1 Rc7 39. Re3 Rc1+ 40.
Re1 Qf4 41. Qxd5+ Kh7 42. Qxh5+ Kg8 43. Qd5+ Kh7 44. Nf3 Bf5 45. Rxc1 Qxc1+ 46.
Kh2 Bg6 47. Qd4 Qc7+ 48. g3 Qa5 49. b4 Qb5 50. Qc5 Qb7 51. Ng5+ Kg8 52. b5 1-0

[Event "Europa tch femenino 2005"]
[Site "Gotebörg SWE"]
[Date "2005.08.02"]
[Round "4.10"]
[White "Frisk, Ellinor"]
[Black "Kulovana, Eva"]
[Result "0-1"]
[WhiteElo "1991"]
[BlackElo "2137"]
[PlyCount "120"]
[EventDate "2005.07.30"]
[EventType "team"]
[EventRounds "9"]
[EventCountry "SWE"]
[Source "lmi"]
[SourceDate "2005.08.07"]

1. e4 e5 2. Nf3 Nc6 3. d4 exd4 4. Nxd4 Bc5 5. Be3 Qf6 6. c3 Nge7 7. Bc4 b6 8.
O-O Bb7 9. Nb5 O-O-O 10. Bxc5 bxc5 11. Bd5 Kb8 12. c4 h5 13. N1c3 h4 14. Na4 d6
15. Nac3 a6 16. Na3 h3 17. g3 Nd4 18. Bxb7 Qf3 19. Qxf3 Nxf3+ 20. Kh1 Kxb7 21.
Rfd1 Nc6 22. Nc2 Nce5 23. Ne3 c6 24. b3 g6 25. Ne2 Kc7 26. Nf4 Rde8 27. Ne2
Rhf8 28. Rab1 a5 29. Rb2 Rb8 30. Rbb1 Rb7 31. Nc3 Ra8 32. Ra1 Rbb8 33. Rab1 Rf8
34. Rb2 Ra6 35. Rbb1 f5 36. exf5 gxf5 37. Ne2 Kd7 38. Nf4 Raa8 39. Rb2 Rf6 40.
Rbb1 Re8 41. Nh5 Rf7 42. Nf4 Ng4 43. Nxg4 fxg4 44. Rbc1 Kc7 45. Rd3 Rfe7 46.
Rdd1 Re4 47. Rb1 Rd4 48. Rbc1 Kb6 49. Rb1 Ree4 50. Rbc1 Rxd1+ 51. Rxd1 Rd4 52.
Rf1 Rd2 53. Nh5 d5 54. Nf6 Ne5 55. f4 gxf3 56. cxd5 cxd5 57. g4 f2 58. g5 Re2
59. Nxd5+ Kb7 60. a4 Re1 0-1

[Event "Europa tch femenino 2005"]
[Site "Gotebörg SWE"]
[Date "2005.08.02"]
[Round "4.11"]
[White "Cinar Corlulu, Nilufer"]
[Black "Hernandez, Yudania"]
[Result "0-1"]
[WhiteElo "2038"]
[BlackElo "2234"]
[PlyCount "84"]
[EventDate "2005.07.30"]
[EventType "team"]
[EventRounds "9"]
[EventCountry "SWE"]
[Source "lmi"]
[SourceDate "2005.08.07"]

1. e4 e5 2. Nf3 Nf6 3. Nxe5 d6 4. Nf3 Nxe4 5. Nc3 Nxc3 6. dxc3 Be7 7. Bf4 O-O
8. Qd2 Nd7 9. O-O-O Nc5 10. h4 Bg4 11. Re1 Bxf3 12. gxf3 Ne6 13. Bg3 Re8 14. h5
Bg5 15. Re3 Qf6 16. Be2 Nf4 17. Kb1 Nxe2 18. Qxe2 Bxe3 19. fxe3 Qh6 20. e4 c6
21. Qh2 Qe3 22. Qg2 Re6 23. Bf2 Qh6 24. Rg1 Kf8 25. Bd4 Qxh5 26. Qxg7+ Ke7 27.
Rg5 Qxf3 28. b3 Qxe4 29. Rg4 Qf5 30. Rg5 Qf1+ 31. Kb2 Rg6 32. Rxg6 hxg6 33. c4
Qf5 34. Qh6 Kd7 35. Qg7 Ke7 36. Qh6 Re8 37. Bc3 Kd7 38. Qd2 g5 39. b4 Qf4 40.
Qg2 g4 41. Qg1 Re3 42. Bd2 Qd4+ 0-1

[Event "Europa tch femenino 2005"]
[Site "Gotebörg SWE"]
[Date "2005.08.02"]
[Round "4.11"]
[White "Vega Gutierrez, Sabrina"]
[Black "Topel, Zehra"]
[Result "0-1"]
[WhiteElo "2262"]
[BlackElo "2081"]
[PlyCount "76"]
[EventDate "2005.07.30"]
[EventType "team"]
[EventRounds "9"]
[EventCountry "SWE"]
[Source "lmi"]
[SourceDate "2005.08.07"]

1. e4 c6 2. d4 d5 3. Nc3 dxe4 4. Nxe4 Nf6 5. Nxf6+ gxf6 6. c3 Bf5 7. Nf3 e6 8.
g3 Qc7 9. Bf4 Bd6 10. Bxd6 Qxd6 11. Bg2 Nd7 12. O-O Bg4 13. a4 f5 14. a5 O-O
15. h3 Bh5 16. Qc1 Kh8 17. Rd1 Rg8 18. c4 Rg7 19. Ra3 Rag8 20. Qh6 Bg6 21. Nh4
Nf6 22. Kh1 Ne4 23. Bxe4 fxe4 24. Nxg6+ Rxg6 25. Qe3 f5 26. Rb3 Qc7 27. d5 cxd5
28. cxd5 e5 29. Rc3 Qg7 30. Rg1 Rh6 31. Kg2 Qg6 32. Qc1 Qh5 33. Rh1 f4 34. Qd1
Qf5 35. d6 f3+ 36. Kg1 Rd8 37. g4 Rg8 38. d7 Qxg4+ 0-1

[Event "Europa tch femenino 2005"]
[Site "Gotebörg SWE"]
[Date "2005.08.02"]
[Round "4.11"]
[White "Llaneza Vega, Patricia"]
[Black "Bayrak, Asli"]
[Result "1-0"]
[WhiteElo "2180"]
[BlackElo "1967"]
[PlyCount "103"]
[EventDate "2005.07.30"]
[EventType "team"]
[EventRounds "9"]
[EventCountry "SWE"]
[Source "lmi"]
[SourceDate "2005.08.07"]

1. e4 e6 2. d4 d5 3. Nc3 Bb4 4. e5 c5 5. Bd2 Ne7 6. Nb5 Bxd2+ 7. Qxd2 O-O 8. f4
cxd4 9. Nf3 Nbc6 10. O-O-O a6 11. Nbxd4 Nxd4 12. Qxd4 Bd7 13. Kb1 Qc7 14. Qf2
Bb5 15. Nd4 Bxf1 16. Rhxf1 b5 17. g4 Rac8 18. Rfe1 Nc6 19. Nxc6 Qxc6 20. f5 f6
21. Qd2 fxe5 22. Rxe5 exf5 23. Rxf5 Rxf5 24. gxf5 Re8 25. Re1 d4 26. a3 Re4 27.
Rg1 Qf6 28. Qg2 Re5 29. Qa8+ Kf7 30. Qb7+ Re7 31. Qd5+ Kf8 32. Rd1 Qe5 33. Qa8+
Kf7 34. Qxa6 Qxh2 35. Qxb5 h5 36. Qd5+ Kf6 37. Rh1 Qe2 38. Rg1 Qe5 39. Qc6+ Kf7
40. Qg6+ Kf8 41. Qxh5 Rf7 42. Qh8+ Ke7 43. Qh4+ Kd7 44. Rd1 Rxf5 45. Rxd4+ Kc6
46. Qd8 Qe1+ 47. Ka2 Qe6+ 48. b3 Rc5 49. Qa8+ Kb6 50. Rb4+ Kc7 51. Rb7+ Kc6 52.
Re7+ 1-0

[Event "Europa tch femenino 2005"]
[Site "Gotebörg SWE"]
[Date "2005.08.02"]
[Round "4.12"]
[White "Ptacnikova, Lenka"]
[Black "Houska, Jovanka"]
[Result "0-1"]
[WhiteElo "2204"]
[BlackElo "2342"]
[PlyCount "106"]
[EventDate "2005.07.30"]
[EventType "team"]
[EventRounds "9"]
[EventCountry "SWE"]
[Source "lmi"]
[SourceDate "2005.08.07"]

1. e4 d5 2. exd5 Qxd5 3. Nc3 Qa5 4. d4 c6 5. Nf3 Bf5 6. Bd2 e6 7. Bc4 Nd7 8.
Qe2 Ngf6 9. d5 cxd5 10. Nxd5 Qc5 11. Bb4 Qc8 12. Nxf6+ gxf6 13. Bxf8 Kxf8 14.
Bd3 Bg6 15. O-O-O Nc5 16. Bxg6 hxg6 17. Rd4 Qc6 18. Rhd1 Rc8 19. Kb1 Kg7 20. h4
e5 21. Rd6 Qe4 22. Qxe4 Nxe4 23. Rd7 Nxf2 24. Rf1 Ng4 25. Rxb7 Ne3 26. Rf2 e4
27. Nd4 Rxh4 28. a4 Nd5 29. Re2 a5 30. c3 f5 31. Kc2 Nf4 32. Rf2 Nd5 33. Rd7 e3
34. Nxf5+ gxf5 35. Rxf5 Nf6 36. Re7 Rxa4 37. Rxe3 Rg4 38. g3 a4 39. Ref3 Rc6
40. Kb1 a3 41. bxa3 Ra4 42. Kb2 Rb6+ 43. Kc2 Rxa3 44. Rg5+ Kh6 45. Rgf5 Kg6 46.
g4 Ra2+ 47. Kd3 Rd6+ 48. Kc4 Ra4+ 49. Kc5 Re6 50. c4 Ra7 51. R5f4 Ne4+ 52. Kb5
Rb7+ 53. Ka5 Re8 0-1